| 000 | 01272cam a2200313 a 4500 | ||
|---|---|---|---|
| 003 | OSt | ||
| 005 | 20210805161927.0 | ||
| 008 | 111125s2011 fr a b i000 0 eng | ||
| 010 | _a 2011523612 | ||
| 020 | _a9789264120556 | ||
| 020 | _a9264120556 | ||
| 020 | _a9789264120563 | ||
| 040 |
_aDLC _cCO-JMCR _dDLC |
||
| 041 | _aeng | ||
| 082 | 0 | 4 |
_a332.15 / _bO212b _223 |
| 110 | 2 |
_aPublishing, OECD; Organisation for Economic Co-operation and Development. _939128 |
|
| 245 | 1 | 0 |
_aBank competition and financial stability. _cPublishing, OECD; Organisation for Economic Co-operation and Development. |
| 260 |
_aParis : _bOECD, _cc2011. |
||
| 300 |
_a83 pages. : _bIllustrations and graphics in black and white ; _c23 cm. |
||
| 504 | _aBibliography : pages 81-83. | ||
| 505 | _aCompetition in retail banking and financial stability. -- Competition in derivative markets and financial stability. -- Bank competition and government guarantees. | ||
| 530 | _aAlso available online. | ||
| 650 | 1 | 4 |
_aBanks and banking. _938852 |
| 650 | 2 | 4 |
_aBanks and banking _xEconometric models. _939129 |
| 650 | 2 | 4 |
_aBanks and banking _xGovernment policy. _939130 |
| 650 | 2 | 4 |
_aEconomic stabilization. _939092 |
| 856 | 4 | 1 | _uhttp://dx.doi.org/10.1787/9789264120563-en |
| 942 |
_2ddc _cBK |
||
| 999 |
_c12103 _d12103 |
||